000 00291nam a22001337a 4500
008 170414b xxu||||| |||| 00| 0 eng d
020 _a9781580400602
041 _aeng
080 _23RD
_a612.39
100 _a10
101 _aSHM
245 _aTYPE 2 DIABETES
_cFEDOR, J
942 _2udc
_cBK
999 _c10721
_d10721